000 00877nam a2200253Ia 4500
001 22004
005 20260320113333.0
008 260320s9999||||xx |||||||||||||| ||und||
020 _a9798650666325
041 _aESP
082 _a371.42
_bM585
100 _aMüller, Marina,
_eAUT
245 0 _aOrientación vocacional :
_baportes clínicos y educacionales
246 _a
_5
_b
260 _a[Lugar de publicación no identificado] :
_bBonum,
_c[Fecha de publicación no identificada]
300 _a186 páginas :
_bilustraciones ;
_c23 cm.
_e
440 _a
_n
_v
650 _aPSI
653 _aOrientación vocacional; Educación
654 _aCED
700 _a
_c
856 _uhttps://0u20vmxhv-y-https-ebookcentral-proquest-com.itmsp.museknowledge.com/lib/catolicasp/home.action
_zVéase además: Base de datos ProQuest Ebook Central
942 _cLIB
_dJUS
_fMAT
_2ddc
_n
999 _c22004
_d22004